| 000 | 00674nam a2200265Ia 4500 | ||
|---|---|---|---|
| 003 | OSt | ||
| 005 | 20220918200001.0 | ||
| 006 | a|||||r|||| 00| 0 | ||
| 007 | ta | ||
| 008 | 220917b |||||||| |||| 00| 0 eng d | ||
| 024 | _a87,015 | ||
| 037 | _cTextual | ||
| 040 |
_aARTS _cARTS _beng |
||
| 041 |
_2eng _aeng |
||
| 082 | _aT:5, N1 | ||
| 100 |
_aEbel R L _992230 |
||
| 245 | 0 | _aEssential of educational measurement | |
| 250 | _a5th | ||
| 260 |
_aNew Delhi _bHall of India _c1991 |
||
| 300 |
_a370p. _ccm. |
||
| 650 | _aEDUCATION | ||
| 700 |
_a Friesble D A _992231 |
||
| 942 |
_hT:5, N1 _cTEXL _2CC |
||
| 999 |
_c210712 _d210712 |
||